000 01404nam a2200313 a 4500
001 C01517240c-5
005 20160421092610.0
008 160414s2015 ck ao fr 00110 spa d
020 _a9789587752564
040 _aCO-BoUMC
_bspa
_cSaul Niño
_dSaul Niño
041 0 _aspa
100 1 _aGaviria Restrepo, Mauricio
_976602
245 1 3 _aEl proyecto arquitectónico como transformación
_bsustitución / re-habitación / adición
_cMauricio Gaviria Restrepo, Luis Guillermo Hernández Vásquez ; auxiliares de investigación Mauricio Carvajal Bustamante, María Camila Duque Cadavid.
260 _aMedellín (Colombia)
_bUniversidad Nacional de Colombia. Facultad de Arquictetura
_c2015
300 _a176 páginas
_bilustraciones, fotografías
490 0 _aArquitectura, Hábitat y Urbanismo
504 _aIncluye referencias bibliográficas e índices
650 7 _aArquitectura
_97290
_xDiseños y planos
650 7 _aDiseño arquitectónico
_913371
_xAnálisis
650 7 _aArquitectura moderna
_97294
650 4 _aArquitectura
_vTeorías
_976603
650 4 _aProyectos arquitectónicos.
_976604
690 0 _aArquitectura
_97290
700 1 _aHernández Vásquez, Luis Guillermo
_976605
700 1 _aCarvajal Bustamante, Mauricio
_976606
700 1 _aDuque Cadavid, María Camila,
_976607
942 _2DEWEY
_a17
_cLIBRO
_e1
_h720
_mP969ar
999 _c303107
_d303107